• 首页
  • 本馆介绍
  • 公告通知
  • 最新文献
  • 馆藏检索
  • 电子资源
  • 读者导购
  • 参考咨询
  • 我的图书馆
  • 登录
  • 详细信息显示
  • 放入我的书架
  • 预约/预借图书
  • 作者相关作品
  • 分类相关作品
  • 丛书相关作品
  • 出版社相关作品

书目信息

  • 表格格式
  • 工作单格式
  • 卡片格式
题名:
医学伦理学
    
 
作者: 宫福清 主编
分册:  
出版信息: 北京   科学出版社  2013.06
页数: 190页
开本: 28cm
丛书名: 中国科学院教材建设专家委员会规划教材
单 册:
中图分类: R-052
科图分类:
主题词: 医学伦理学--医学院校--教材
电子资源:
ISBN: 978-7-03-037813-2
000 01188nam0 2200277 450
001 410
001 01CN08600386@CSLN
005 20160905101012.10
010    @a978-7-03-037813-2@dCNY32.00
100    @a20130719d2013 em y0chiy50 ea
101 0  @achi
102    @aCN@b110000
105    @ay z 000yy
200 1  @a医学伦理学@9yi xue lun li xue@f宫福清主编
210    @a北京@c科学出版社@d2013.06
215    @a190页@d28cm
225 2  @a中国科学院教材建设专家委员会规划教材@9zhong guo ke xue yuan jiao cai jian she zhuan jia wei yuan hui gui hua jiao cai@i全国高等医药院校规划教材
330    @a全书共分13章,分为医学伦理学的基本理论、医学伦理学的实践以及医学伦理学的教育、评价、修养等三大部分,同时,随着现代高新技术的应用而产生的伦理问题,如人类辅助生殖技术、干细胞研究、克隆技术、临终关怀和安乐死等,都做了阐述和探索,力求做到有继承性与创新性的统一。
333    @a临床医师工作者、医学院各专业学生
461  0 @12001 @a中国科学院教材建设专家委员会规划教材
462  0 @12001 @a全国高等医药院校规划教材
606 0  @a医学伦理学@x医学院校@j教材
690    @aR-052@v4
701  0 @a宫福清@9gong fu qing@4主编
801  0 @aCN@b唐山师范学院图书馆@c20160722
905    @aZUCC@dR-052@e30
    
    医学伦理学/宫福清主编.-北京:科学出版社,2013.06
    190页;28cm.-(中国科学院教材建设专家委员会规划教材.全国高等医药院校规划教材)
    使用对象:临床医师工作者、医学院各专业学生
    
    ISBN 978-7-03-037813-2:CNY32.00
    全书共分13章,分为医学伦理学的基本理论、医学伦理学的实践以及医学伦理学的教育、评价、修养等三大部分,同时,随着现代高新技术的应用而产生的伦理问题,如人类辅助生殖技术、干细胞研究、克隆技术、临终关怀和安乐死等,都做了阐述和探索,力求做到有继承性与创新性的统一。
●
相关链接 在E读中查询图书 在五车中查询图书 在当当中查询图书 在豆瓣中查询图书


正题名:医学伦理学     索取号:R-052/30         预约/预借

序号 登录号 条形码 馆藏地/架位号 状态 备注
1 901759   209017598   第二样本阅览室/ [索取号:R-052/30] 在馆    
2 901760   209017605   第三借阅区/ [索取号:R-052/30] 在馆    
3 901761   209017614   第三借阅区/ [索取号:R-052/30] 在馆    
4 901762   209017623   第三借阅区/ [索取号:R-052/30] 在馆    
唐山师范学院图书馆 欢迎您!
大连网信软件有限公司© 版权所有